Luật hợp tác xã

Sách giới thiệu những qui định chung, thành lập và đăng kí kinh doanh hợp tác xã, xã viên, tổ chức quản lí hợp tác xã... ở Việt Nam

Bewaard in:
Bibliografische gegevens
Coauteurs: Việt Nam (cộng hòa Xã hội chủ nghĩa), Quốc hội
Formaat: Boek
Taal:Undetermined
Gepubliceerd in: Hà Nội Chính trị quốc gia 2010
Onderwerpen:
Tags: Voeg label toe
Geen labels, Wees de eerste die dit record labelt!
Thư viện lưu trữ: Trung tâm Học liệu Trường Đại học Cần Thơ
LEADER 01008nam a2200241Ia 4500
001 CTU_159709
008 210402s9999 xx 000 0 und d
020 |c 10000 
082 |a 346.5970668 
082 |b V308 
110 |a Việt Nam (cộng hòa Xã hội chủ nghĩa) 
110 |b Quốc hội 
245 0 |a Luật hợp tác xã 
245 0 |c Việt Nam (cộng hòa Xã hội chủ nghĩa). Quốc hội 
260 |a Hà Nội 
260 |b Chính trị quốc gia 
260 |c 2010 
520 |a Sách giới thiệu những qui định chung, thành lập và đăng kí kinh doanh hợp tác xã, xã viên, tổ chức quản lí hợp tác xã... ở Việt Nam 
650 |a Cooperative societies,Hợp tác xã 
650 |x Law and legislation,Luật và văn bản quy phạm pháp luật 
650 |z Vietnam 
904 |i Trọng Hải 
980 |a Trung tâm Học liệu Trường Đại học Cần Thơ